Vývoj verejných financií v období 2. svetovej vojny a po nej na našom území

Príjmy rozpočtu Slovenskej republiky na rok 1940. Koniec druhej svetovej vojny a prechodné obdobie. Štátny rozpočet Česko-slovenska na rok 1946. Menová reforma v roku 1945.

Saved in:
Bibliographic Details
Main Author: Baláži, Peter
Format: Book Chapter
Language:Slovak
Subjects:
Tags: Add Tag
No Tags, Be the first to tag this record!

MARC

LEADER 00000nla a2200000 4500
001 0200491
005 20240502073405.6
041 0 |a slo 
044 |a SK 
245 1 0 |a Vývoj verejných financií v období 2. svetovej vojny a po nej na našom území  |c Peter Baláži 
520 |a Príjmy rozpočtu Slovenskej republiky na rok 1940. Koniec druhej svetovej vojny a prechodné obdobie. Štátny rozpočet Česko-slovenska na rok 1946. Menová reforma v roku 1945. 
610 2 0 |a financie verejné 
610 2 0 |a Slovensko 
610 2 0 |a história 
610 2 0 |a politika rozpočtová 
100 1 |a Baláži, Peter